00401nam a2200133 a 4500008004100000020001800041050001400059100001800073245009600091260003600187300001600223350001000239650001800249150205s2011 ||||||||||||||||| || u a9780723433828 aQR 46 Guy aGuyot, Andrea10aFlesh and bones of medical microbiologycBy Andrea Guyot, Silke Schelenz [and] Steven Myint aEdinburghbMosby Elsevierc2011 a125p.: ill. a35.95 aMICROBIOLIOGY